000
00335nam a2200145Ia 4500
008
150201s2007 xx 000 0 und d
082
_a
617.6
_b
R2007D
100
_a
DOWD,FRANK
245
_a
REVIEW FOR THENBDE-2
250
_a
1ST
260
_b
MOSBY
_a
DELHI
_c
2007
300
_a
1-418
650
_a
GENERAL DENTISTRY
942
_2
ddc
_c
BK
999
_c
3820
_d
3820